Things that are Orange by Picture - Statistics

General Stats
  • This quiz has been taken 26,779 times
  • The average score is 11 of 15
Answer Stats
Picture Hint Answer % Correct
animal Goldfish
95%
animal Orangutan
95%
fruit Mango
92%
bridge Golden Gate Bridge
91%
animal Clownfish
89%
sushi made from this fish Salmon
85%
fruit Papaya
77%
something to put on toast Orange Marmalade
75%
substance Amber
68%
uniforms of this country's football team Netherlands
66%
animal {Monarch} Butterfly
64%
element (in a gas discharge tube) Neon
63%
landmark Uluru
58%
this element Copper
50%
Arches National Park in this state Utah
50%
No matching quizzes found
Score Distribution
Percent of People with Each Score
Percentile by Number Answered
Your Score History
You have not taken this quiz